000 00552nam a22002057a 4500
005 20180327140351.0
008 180322b xxu||||| |||| 00| 0 eng d
020 _cRs.80.00
040 _aLoreto College
041 _aEnglish
082 _a891.43
_bUNI
110 _aUniversity of Calcutta
245 _aAdhunik Hindi Rachana Sanchayan
_cUniversity of Calcutta
260 _aKolkata
_bRegistrar,University of Calcutta
_c2017
300 _a78p
_b22cm
650 _aHindi literature
650 _aHindi textbook
850 _aLCLIB
942 _cBK
999 _c41451
_d91930